Score 0/300 Timer 20:00
0 Plays Today
Answer % Correct
a
99.1%
and
99.1%
and
99.1%
the
99.1%
the
99.1%
a
99.1%
the
99.1%
and
99.1%
a
99.1%
and
99.1%
and
99.1%
and
99.1%
an'
99.1%
a
99.1%
the
99.1%
an'
99.1%
an'
99.1%
the
99.1%
'Harry!'
98.3%
Harry
98.3%
Harry
98.3%
Harry.
98.3%
Harry
98.3%
Harry,
98.3%
Harry.
98.3%
Harry.
98.3%
Harry
98.3%
Harry.'
98.3%
He
97.8%
he
97.8%
he
97.8%
he
97.8%
he
97.8%
he
97.8%
he
97.8%
he
97.8%
he
97.8%
Ron
97.4%
o'
97.4%
Ron.
97.4%
Ron,
97.4%
I
97.4%
to
97%
ter
97%
ter
97%
Hagrid
97%
Hagrid.
97%
Hagrid
97%
Hagrid.
97%
ter
97%
Hagrid,
97%
ter
97%
ter
97%
ter
97%
Hagrid
97%
yeh,
96.6%
yeh.'
96.6%
'You
96.6%
you?'
96.6%
'You
96.6%
yeh
96.6%
'Yeh
96.6%
you
96.6%
you
96.6%
said
96.1%
said.
96.1%
said
96.1%
said
96.1%
said
96.1%
said
96.1%
said
96.1%
said
96.1%
said
96.1%
said
96.1%
said
96.1%
said.
96.1%
be.'
95.7%
be
95.7%
Hermione
95.3%
what
94.8%
'No
94.8%
not,'
94.8%
not,
94.8%
it
94.8%
It
94.8%
it
94.8%
it.
94.8%
not
94.8%
'No
94.8%
it,'
94.8%
it
94.8%
it
94.8%
yer
94.8%
no
94.8%
It
94.8%
wha'
94.8%
S'long
94.4%
as
94.4%
as
94.4%
as
94.4%
Answer % Correct
as
94.4%
his
94%
on
94%
'Who?'
94%
yeh're
94%
his
94%
his
94%
yeh're
94%
yeh're
94%
his
94%
on
94%
his
94%
on
94%
in
93.5%
of
93.5%
of
93.5%
in
93.5%
him,
93.1%
him
93.1%
him,
93.1%
him.
93.1%
have
92.7%
was
92.7%
was
92.7%
have
92.7%
was
92.7%
at
91.4%
at
91.4%
at
91.4%
at
91.4%
Dumbledore.
90.5%
that.'
90.5%
Dumbledore
90.5%
me
90.1%
when
89.7%
When
89.7%
looked
89.7%
for
89.7%
I'm
89.7%
too
89.7%
abou'
89.7%
when
89.7%
looked
89.7%
see
89.2%
see
89.2%
had
89.2%
had
89.2%
did
89.2%
did,
89.2%
'Dunno
88.8%
But
88.8%
goin'
88.4%
there,
88.4%
They
87.9%
they
87.9%
will
87.9%
will
87.9%
jus'
87.5%
all
87.5%
jus'
87.5%
has,
87.1%
with
86.6%
with
86.6%
up,
86.2%
talkin'
86.2%
about,'
86.2%
come
86.2%
up
86.2%
Well,
86.2%
we'll
86.2%
We'll
86.2%
come,
86.2%
we'll
86.2%
'Good
85.8%
Good
85.8%
good
85.8%
got
85.8%
good
85.8%
time.
85.3%
now
85.3%
time
85.3%
get
84.9%
them,
84.5%
from
84.5%
than
84.5%
'Knew
84.1%
Knew
84.1%
'Bin
83.6%
can't
83.6%
told
83.2%
out
82.8%
back
82.8%
back,'
82.8%
out
82.8%
back
82.8%
righ'?
82.3%
The Goblet of Fire
82.3%
their
81.9%
eyes.
81.5%
Maxime,
81%
Answer % Correct
course!'
81%
'Course
81%
we've
81%
saw
79.3%
does.'
78.9%
first
78.4%
worried.'
78%
he'd
78%
two
77.6%
two
77.6%
happen.
77.6%
into
76.7%
made
75.9%
made
75.9%
Hagrid's
75.4%
Hagrid's
75.4%
more
74.6%
nothing.
73.7%
'Madame
73.3%
'Yeah,'
73.3%
much
73.3%
'She's
72.4%
done,
71.1%
hug,
70.7%
Olympe,'
70.7%
tea
69.4%
man,
69%
give
68.1%
'What's
67.7%
bidin'
67.2%
table
66.8%
Great
66.8%
left.'
64.7%
father
64.2%
Dumbledore's
63.4%
chair
62.9%
comin'
62.5%
meet
62.1%
beetle-black
62.1%
meet
62.1%
would've
62.1%
That's
60.8%
smiled
60.8%
smiled...
60.8%
before
59.9%
worryin'
59.1%
front
58.2%
havin'
57.8%
around
57.3%
cups
56.5%
cups
56.5%
through
54.3%
praise
52.6%
cabin.
51.7%
higher
51.3%
entered
49.6%
plate
49.6%
fight.
49.1%
years,
47.8%
faces.
47%
'Known
46.6%
Migh'
46.1%
gets
45.7%
The Beginning
45.7%
hair,
44.8%
stop
42.2%
pulled
40.9%
sittin'
39.7%
plan,
39.2%
able
38.8%
cuppa
38.4%
fireplace
37.9%
leaned
35.3%
wooden
34.9%
shocked.
34.5%
anyway.
33.2%
saucers
32.3%
hold.
31.9%
expressions
31%
ruffled
26.7%
mate.
26.7%
cookies,
26.3%
raised
25.4%
eyebrows
25.4%
chest
25.4%
bushy
24.1%
strode
21.1%
swelled
21.1%
curiously.
20.3%
offered
19.4%
closely
19.4%
surveyed
18.5%
gruffly.
18.5%
bucket-sized
18.1%
airily,
16.8%
dresser.
15.1%
fetching
14.7%
doughy
14.2%
one-armed
12.9%
disbelieving
9.9%
Remove Ads.
Support Sporcle.
Get the best of Sporcle when you Go Orange. This ad-free experience offers more features, more stats, and more fun while also helping to support Sporcle. Thank you for becoming a member.

You're not logged in!

Compare scores with friends on all Sporcle quizzes.
OR
Log In

Show Comments

Extras

Top Quizzes Today


Score Distribution

Your Account Isn't Verified!

In order to create a playlist on Sporcle, you need to verify the email address you used during registration. Go to your Sporcle Settings to finish the process.

Report this User

Report this user for behavior that violates our Community Guidelines.

Details: